Konzekvencie ekonomického vývoja na pracovné trhy Európskej únie
Identifikácia potenciálu ekonomického rastu vo väzbe na rast zamestnanosti, ktorý je hlavnou prioritou stratégie Európa 2020.
Salvato in:
| Autore principale: | |
|---|---|
| Altri autori: | |
| Natura: | Capitolo di libro |
| Lingua: | slovacco |
| Soggetti: | |
| Tags: |
Nessun Tag, puoi essere il primo ad aggiungerne!!
|
MARC
| LEADER | 00000naa a2200000 4500 | ||
|---|---|---|---|
| 001 | 0207343 | ||
| 005 | 20240502073439.6 | ||
| 041 | 0 | |a slo | |
| 044 | |a SK | ||
| 245 | 1 | 0 | |a Konzekvencie ekonomického vývoja na pracovné trhy Európskej únie |c Eva Rievajová, Roman Klimko |
| 520 | |a Identifikácia potenciálu ekonomického rastu vo väzbe na rast zamestnanosti, ktorý je hlavnou prioritou stratégie Európa 2020. | ||
| 610 | 2 | 0 | |a trh práce |
| 610 | 2 | 0 | |a Európska únia |
| 610 | 2 | 0 | |a rast hospodársky |
| 610 | 2 | 0 | |a kríza hospodárska |
| 610 | 2 | 0 | |a produktivita práce |
| 610 | 2 | 0 | |a miesta pracovné |
| 100 | 1 | |a Rievajová, Eva | |
| 700 | 1 | |a Klimko, Roman, 1985- | |